00367nam a2200169Ia 4500008004000000041000800040082001200048100002100060245003800081260002000119650001000139650000800149650001200157650001100169650001100180650000600191210210b1954 xxu||||| |||| 00| 0 eng d aeng a425/232 aPARTRIDGE (Eric) aEnglish a course for human beings aLondonb-c1954 ahuman afor aEnglish acourse abeings aa